00435 2200181 4500001002100000005001500021035002000036008004100056245003800097100001700135250000600152260003600158300001100194084001400205082000800219650001400227990001200241INLIS00000000000017120240502114220 a0010-0424000147240502 0 ind 1 aMempelajari Drama /cWahyu Dwi H. aDwi H, Wahyu a1 aBandung :bPustaka Sunda,c2011 a60 hlm a400 WAH m a400 4aNon Fiksi a0732484